000 00879nam a22002057a 4500
999 _c6997
_d6997
003 AR-CdUCM
008 190319b ||||| |||| 00| 0 sp d
040 _aMUNICIPALIDAD PROVINCIAL DEL CUSCO
_cBIBLIOTECA MUNICIPAL DEL CUSCO
082 _a694.216 /
_bIN61
110 _aIntituto de Asuntos Interamericanos
_919719
245 _aTécnica del Clavado en la costrucción de Casas /
260 _aMéxico :
_bCentro Regional de ayuda Tecnica ,
_c1959.
300 _a53 páginas ;
_c22.5 cm.
505 _aContenido : Finalidad -- Alcance -- Recomendaciones acerca del clavado -- Clave de las Ilustraciones -- Listones -- Listón doble -- Polín de dos piezas -- Polín de tres piezas -- Larguero -- Viga de apoyo...
650 _aCostruccion
_919720
650 _aTecnica de la Costruccion
_919721
650 _aConstruccion Civil
_919570
942 _2ddc
_cLIBROS
945 _artm